[Event "Bayern-chI Bank Hofmann 14th"]
[Site "Bad Wiessee"]
[Date "2010.11.07"]
[Round "9"]
[White "Azarov, Sergei Nikolaevich"]
[Black "Schneider, Ilja"]
[Result "1-0"]
[WhiteElo "2596"]
[BlackElo "2519"]
[Annotator "Gutman,L"]
[PlyCount "63"]
[EventDate "2010.10.30"]
[EventType "swiss"]
[EventRounds "9"]
[EventCountry "GER"]
[SourceTitle "EXT 2011"]
[Source "ChessBase"]
[SourceDate "2010.11.26"]
[SourceVersion "1"]
[SourceVersionDate "2010.11.26"]
[SourceQuality "1"]

1. e4 e5 2. Nf3 Nc6 3. Bb5 a6 4. Ba4 Nf6 5. O-O Be7 6. Re1 b5 7. Bb3 d6 8. c3
O-O 9. h3 Bb7 10. d4 Re8 11. Nbd2 Bf8 12. a3 g6 (12... h6 $5) 13. Ba2 Bg7 14.
d5 Nb8 15. b4 c6 16. c4 cxd5 $2 ({Eine bessere Alternative ist} 16... Qe7 $5 {
, man sehe} 17. dxc6 Nxc6 18. Bb2 Nd8 $11) 17. cxd5 a5 ({Auch} 17... Nbd7 18.
Nb3 Rc8 19. Na5 Ba8 20. a4 Nb6 21. axb5 axb5 22. Bb3 $14 {ist nachteilig für
Schwarz.}) 18. Nb3 axb4 19. axb4 {"Mit besserem Spiel für Weiß", steht in
meinem Buch "Modernes Spanisch", 1986.} Ra4 20. Na5 ({Auch} 20. Bb1 $5 {
kommt in Betracht,} Rxb4 ({Oder} 20... Rxa1 21. Nxa1 Qd7 22. Nb3 $14) 21. Bd2
Ra4 22. Rxa4 bxa4 23. Na5 Qc7 24. Qxa4 Nbd7 25. Rc1 Nc5 26. Nb3 Ra8 27. Qb4
Nfd7 28. Be3 Rb8 29. Nxc5 Nxc5 30. Qd2 $14 {mit Weiß am Ruder.}) 20... Ba8 21.
Bd2 Na6 $6 ({Vorzuziehen war} 21... Qd7 22. Qe2 Rc8 23. Bb3 Rxa1 24. Rxa1 $14 {
mit etwas Plus für Weiß.}) 22. Nc6 Bxc6 $2 ({Hartnäckiger erscheint} 22... Qd7
23. Qe2 Nc7 ({nicht} 23... Bxc6 24. dxc6 Qxc6 25. Bxf7+ Kxf7 26. Rxa4 bxa4 27.
b5 $16) 24. Rec1 $14) 23. dxc6 Nxb4 $2 ({Das kleinere Übel wäre} 23... Nc7 24.
Bb3 $16) 24. Bxf7+ Kxf7 25. Qb3+ d5 26. Bxb4 Nxe4 27. c7 Qa8 28. Rad1 Nf6 29.
Rxe5 Ra1 30. Ng5+ Kg8 31. Rxe8+ Nxe8 32. c8=Q 1-0

[Event "FIDE-Wch k.o."]
[Site "Groningen"]
[Date "1997.12.09"]
[Round "1.1"]
[White "Kotronias, Vasilios"]
[Black "Milov, Vadim"]
[Result "1/2-1/2"]
[WhiteElo "2585"]
[BlackElo "2635"]
[Annotator "Hansen,LB"]
[PlyCount "133"]
[EventDate "1997.12.09"]
[EventType "k.o."]
[EventRounds "7"]
[EventCountry "NED"]
[SourceTitle "CBM 063"]
[Source "ChessBase"]
[SourceDate "1998.03.26"]
[SourceVersion "1"]
[SourceVersionDate "1998.03.26"]
[SourceQuality "1"]

1. e4 e5 2. Nf3 Nc6 3. Bb5 a6 4. Ba4 Nf6 5. O-O Be7 6. Re1 b5 7. Bb3 d6 8. c3
O-O 9. h3 Qd7 $5 {The rare Smyslov move. The idea is to reach a Zaitsev
formation with Re8 and Bb7 without having to woory about Ng5, which can now
also be countered by Nd8.} 10. d4 Re8 11. Nbd2 (11. a4 Bb7 12. dxe5 Nxe5 13.
axb5 Nxf3+ 14. Qxf3 axb5 15. Rxa8 Bxa8 16. Nd2 Bf8 $11 {Keres,P-Smyslov,V/Bled/
Zagreb/Belgrade ct/1959/}) 11... Bf8 12. Bc2 (12. Nf1 g6 13. dxe5 dxe5 14. Bg5
Bg7 15. Ne3 Na5 16. Bc2 Qc6 17. b4 Nc4 18. Nxc4 Qxc4 19. Re3 Bb7 20. Nd2 Qc6
$13 {Gligoric,S-Wade,B/Buenos Aires/1960/}) (12. d5 Ne7 13. Nf1 h6 (13... g6
14. c4 Bg7 15. c5 $1 Nh5 16. a4 dxc5 17. axb5 Bb7 18. bxa6 Bxa6 19. Be3 c4 20.
Ba4 Bb5 21. Bxb5 Qxb5 22. Qc2 $16 {>< c4; Fischer,R-Wade,B/Buenos Aires/1960/})
14. Ng3 c6 15. dxc6 Qxc6 16. Nh2 $14 {Kindermann,S-Gostisa,L/Ptuj zt/1995/})
12... Bb7 (12... exd4 13. cxd4 Nb4 14. Bb1 c5 15. d5 a5 16. a3 Na6 17. Nf1 g6
18. Bf4 Bb7 19. Qd2 Bg7 20. Ng3 Nc7 21. Ba2 {1/2-1/2/Calabrese,G-Cespa,R/
Buenos Aires/1992/}) 13. a4 (13. d5 Ne7 14. b3 c6 15. c4 Ng6 (15... g6 16. Nf1
cxd5 17. cxd5 Nh5 18. a4 Bg7 19. b4 f5 $13 {Ivanov,A-Malevinsky,A/Beltsy/1979/}
) 16. Nf1 h6 17. Kh2 cxd5 18. cxd5 Nh5 $13 {Alzate,D-Rodriguez,A/Bayamo/1984/})
13... g6 14. d5 Ne7 15. c4 c6 16. b3 Nh5 17. Nf1 Ng7 18. Bd3 cxd5 19. cxd5 f5
$132 20. Ne3 Kh8 21. axb5 axb5 22. Rxa8 Rxa8 23. Ng5 fxe4 24. Bxe4 (24. Nf7+
Kg8 25. Nh6+ Kh8 26. Nf7+ $11) 24... Nef5 25. Ng4 Be7 26. Nf7+ Kg8 27. Ngh6+
Nxh6 28. Nxh6+ Kh8 29. Bd2 (29. Nf7+ Kg8 30. Nh6+ $11) 29... Nh5 30. Ng4 Bd8 $1
{A typical manouvre in the closed Ruy Lopez: The black squared B is activated
via d8.} 31. Be3 Ba5 32. Rf1 Bc3 $132 33. Qf3 Qe7 34. Bh6 b4 35. Rd1 Kg8 $1 36.
g3 Qf7 37. Qe3 Bc8 38. Bg5 Bxg4 39. hxg4 Nf6 40. Bf3 Nd7 41. Be2 Nc5 42. Bc4
Bd4 (42... Ra1 $5) 43. Rxd4 $1 {Forced, but also sufficient.} (43. Qe2 $6 Ne4
$1 44. Qxe4 $2 (44. Rxd4 Nc3 $15) 44... Qxf2+ 45. Kh1 Ra2 $19) 43... exd4 44.
Qxd4 $44 {^^} Qf3 45. Bh6 Ra7 46. Be3 Re7 47. Qf4 Qxf4 48. Bxf4 Re4 49. Bxd6
Rxc4 $1 {Otherwise the Bs become too strong.} 50. bxc4 b3 51. Be5 Nd3 52. Bd4
Kf7 53. f4 b2 54. Bxb2 Nxb2 55. c5 Na4 56. c6 Ke7 57. Kg2 Nb6 58. c7 Kd7 59.
Kh3 $1 {Saves the draw by going after the Blck pawns.} Nxd5 60. Kh4 Nxc7 (60...
h6 61. g5 (61. f5) 61... h5 62. f5 $1 gxf5 63. Kxh5 Nxc7 64. g6 Ne6 65. g7 $1
Nxg7+ 66. Kg6 $11) 61. Kg5 Ke6 62. Kh6 Nd5 63. Kxh7 $11 Kf7 64. Kh6 Kf6 65. g5+
Kf7 66. Kh7 Ne3 67. Kh8 (67. Kh8 Nf5 68. g4 Ne3 69. f5 $11) 1/2-1/2

[Event "Belgrade GMA op"]
[Site "Belgrade"]
[Date "1988.??.??"]
[Round "?"]
[White "Rodriguez Cespedes, Amador"]
[Black "Mikhalchishin, Adrian"]
[Result "1/2-1/2"]
[WhiteElo "2550"]
[BlackElo "2480"]
[Annotator "Hazai,L"]
[PlyCount "106"]
[EventDate "1988.12.??"]
[EventType "swiss"]
[EventRounds "9"]
[EventCountry "YUG"]
[SourceTitle "TD"]
[Source "ChessBase"]
[SourceDate "1994.03.01"]
[SourceVersion "1"]
[SourceVersionDate "1994.03.01"]
[SourceQuality "1"]

1. e4 e5 2. Nf3 Nc6 3. Bb5 a6 4. Ba4 Nf6 5. O-O Be7 6. Re1 b5 7. Bb3 d6 8. c3
O-O 9. h3 Nd7 10. d4 Bf6 11. a4 Bb7 12. Be3 Na5 13. Bc2 Nc4 14. Bc1 Ncb6 $5 (
14... exd4 15. cxd4 (15. Nxd4 bxa4 16. Rxa4 Ncb6 17. Ra1 Re8 18. Nd2 a5 19. Nf5
Nc5 20. Qg4 $36 {Popovic-Lengyel,Pecs 1980}) 15... Re8 (15... c5 16. axb5 (16.
Nc3 cxd4 17. Nxd4 Qb6 18. Nf5 b4 19. Nd5 (19. a5 $5 {Razuvaev}) 19... Bxd5 (
19... Qa5 $5) 20. Qxd5 Rac8 $13 {Kavalek-Razuvaev,Amsterdam 1975}) 16... cxd4 (
16... axb5 17. Rxa8 Qxa8 18. dxc5 $6 (18. b3 Ncb6 19. d5 b4 20. Bf4 Ne5 21.
Nxe5 Bxe5 22. Bxe5 dxe5 $10) 18... Nxc5 19. b3 Ne5 20. Nxe5 (20. Qxd6 Ncd3 21.
Bxd3 Rd8 22. Qa3 Nxd3 $17) 20... Bxe5 21. f3 Ne6 $15 {Almasi-Timoshchenko,
Budapest 1991}) 17. bxa6 Rxa6 (17... Qb6 18. b3 Nce5 19. Nxd4 $14) 18. Rxa6
Bxa6 19. Nxd4 (19. b3 Nce5 20. Nxd4 Nc5 21. Nf3 (21. Be3 Ned3 22. Bxd3 Nxd3 23.
Re2 $14) 21... Ned3 22. Re3 Nxc1 23. Qxc1 $14 {Antunes-Van der Wiel,Novi Sad 
(ol) 1990}) 19... Qb6 20. Nf5 Nxb2 21. Qxd6 Qxd6 22. Nxd6 Nc5 $44 {
Ivanchuk-Karpov,Reggio Emilia 1989/90}) 16. b3 Ncb6 17. Bb2 $14) (14... Re8 15.
d5 Be7 16. b3 Na5 17. Nbd2 c6 18. b4 Nc4 19. Nxc4 bxc4 20. dxc6 Bxc6 21. a5 Qc7
$10 {Brodsky-Kruppa,Kherson 1991}) 15. b3 (15. a5 Nc8 16. b3 Ne7 17. d5 Ng6 $13
) 15... bxa4 16. bxa4 a5 17. Nbd2 (17. Na3 $5) 17... Re8 18. Rb1 g6 19. Nf1 d5
20. Ng3 exd4 21. cxd4 dxe4 22. Nxe4 Bg7 23. Bg5 Qc8 24. h4 Nd5 (24... Bd5 25.
h5 Qb7 $10) 25. Rc1 Ra6 $10 26. Bb1 Rc6 27. h5 Rxc1 28. Qxc1 N5f6 29. hxg6 hxg6
30. Qf4 Nxe4 31. Bxe4 Rxe4 32. Rxe4 Bxe4 33. Qxe4 Nb6 34. Qc6 Qd7 35. Qxd7 Nxd7
36. Bd8 c5 37. d5 Bc3 38. Ng5 f5 39. Kf1 c4 40. Ke2 Nc5 41. Nf3 Nxa4 42. Nd2
Bb4 43. Nxc4 Nc3+ 44. Kf3 a4 45. d6 Kf7 46. d7 Ke6 47. Bf6 Kxd7 48. Bxc3 Bxc3
49. Nb6+ Kc6 50. Nxa4 Be5 51. g4 Kb5 52. gxf5 gxf5 53. Nc3+ Bxc3 1/2-1/2

[Event "ARG-ch Najdorf Memorial"]
[Site "Buenos Aires"]
[Date "1999.11.26"]
[Round "7"]
[White "Zarnicki, Pablo Adrian"]
[Black "Rubinetti, Jorge Alberto"]
[Result "1-0"]
[WhiteElo "2497"]
[BlackElo "2432"]
[Annotator "Hecht,H"]
[PlyCount "119"]
[EventDate "1999.11.19"]
[EventType "tourn"]
[EventRounds "13"]
[EventCountry "ARG"]
[EventCategory "9"]
[SourceTitle "CBM 074"]
[Source "ChessBase"]
[SourceDate "2000.02.01"]
[SourceVersion "1"]
[SourceVersionDate "2000.02.01"]
[SourceQuality "1"]

1. e4 e5 2. Nf3 Nc6 3. Bb5 a6 4. Ba4 Nf6 5. O-O Be7 6. Re1 b5 7. Bb3 d6 8. c3
O-O 9. h3 Be6 10. d4 Bxb3 11. axb3 exd4 12. cxd4 d5 13. e5 Ne4 14. Nc3 f5 15.
exf6 Bxf6 16. Nxe4 dxe4 17. Rxe4 Qd5 18. Rg4 Ne7 19. Bh6 Nf5 20. Bg5 Rad8 21.
Rxa6 h5 22. Rf4 Bxd4 23. Qc2 Be5 24. Nxe5 Qxe5 25. Bxd8 Qxf4 26. Bxc7 Qd4 27.
Qe2 h4 28. Rg6 Qd5 29. Qe6+ Qxe6 30. Rxe6 Rc8 31. Bb6 Rb8 32. Re5 g6 33. Rxb5
Nd4 34. Rd5 Nf3+ 35. gxf3 Rxb6 36. Rd3 Kf7 37. Kg2 Rb4 38. f4 Ke6 39. Kf3 Kf5
40. Rd5+ Ke6 41. Re5+ Kf6 42. Kg4 Rxb3 43. Re2 Rb4 44. Rc2 g5 45. Rc6+ Kf7 46.
Kxg5 Rxb2 47. Rc7+ Kf8 48. f5 Rxf2 {[#] Das Endspiel f+h ist dann leicht
gewonnen, wenn der König der verteidigenden Seite auf der 8. Reihe abgeklemmt
ist. Zarnicki sorgt mit seinem nächsten für klare Verhältnisse.} 49. Kf6 $1 Kg8
(49... Ke8 50. Rc8+ Kd7 51. Rh8 Rf4 52. Kg5 Ra4 (52... Rf1 53. Rxh4 Ke7 54.
Rh7+ $18) 53. Kg6 $18) 50. Rg7+ Kf8 (50... Kh8 51. Rg4 $18) 51. Rh7 Kg8 52.
Rxh4 Ra2 53. Kg6 Ra7 54. Rg4 $1 (54. f6 $6 Rg7+ 55. Kf5 Ra7 56. Re4 Kf7 57. h4
$18) 54... Kf8 (54... Rb7 55. f6 Rg7+ 56. Kf5 $18) 55. f6 Ra3 56. h4 Kg8 57. h5
Ra7 58. h6 Rb7 59. Re4 Rg7+ 60. Kf5 1-0

[Event "Moscow Aeroflot op"]
[Site "Moscow"]
[Date "2002.02.06"]
[Round "3"]
[White "Firman, Nazar"]
[Black "Obodchuk, Andrei"]
[Result "1-0"]
[WhiteElo "2485"]
[BlackElo "2438"]
[Annotator "Hecht,H"]
[PlyCount "145"]
[EventDate "2002.02.04"]
[EventType "swiss"]
[EventRounds "9"]
[EventCountry "RUS"]
[SourceTitle "CBM 088"]
[Source "ChessBase"]
[SourceDate "2002.03.21"]
[SourceVersion "1"]
[SourceVersionDate "2002.03.21"]
[SourceQuality "1"]

1. e4 e5 2. Nf3 Nc6 3. Bb5 a6 4. Ba4 Nf6 5. O-O Be7 6. Re1 b5 7. Bb3 d6 8. c3
O-O 9. h3 Bb7 10. d4 Re8 11. Nbd2 Bf8 12. a3 Nb8 13. Bc2 Nbd7 14. b3 c5 15. Bb2
g6 16. dxe5 dxe5 17. c4 Nh5 18. cxb5 axb5 19. a4 bxa4 20. Nc4 axb3 21. Bxb3
Rxa1 22. Qxa1 Bc8 23. Rd1 Qf6 24. Qa7 Nf4 25. Rxd7 Bxd7 26. Qxd7 Rd8 27. Qb7
Ne2+ 28. Kf1 Nd4 29. Nfxe5 Nxb3 30. Qxb3 Qe6 31. Ng4 Bg7 32. Bxg7 Kxg7 33. Qc3+
Rd4 34. Nd2 Qa6+ 35. Kg1 Qd3 36. Qxc5 Qxd2 37. Qe5+ Kf8 38. Qh8+ Ke7 39. Qf6+
Ke8 40. Kh2 Rd6 41. Qh8+ Ke7 42. e5 Re6 43. Qc8 h5 44. Qc5+ Ke8 45. Ne3 {[#]}
Qd7 $2 {gerät in den Springerbereich} (45... Qd8 $11 {[%csl Gf6]}) 46. Nd5 Qc6
(46... Kd8 47. Qa5+ $1 {ebenfalls mit Qualitätsgewinn}) (46... Rc6 $142 47.
Nf6+ Rxf6 48. exf6 Qe6 49. Qd4 {zwar mit eingeengter schwarzer Königsstellung
aber auch mit verschlechterter weißer Bauernstruktur} {z.B.} Qd7 50. Qe5+ Kd8
$2 (50... Qe6 $142 51. Qd4 (51. Qxe6+ fxe6 52. g4 hxg4 53. hxg4 g5 $11) 51...
Qd7 52. Qe3+ Qe6 53. Kg3 Qxe3+ 54. fxe3 Kd7 55. Kf4 Ke6 56. Kg5 Ke5 $11 {
hier ist der weiße e-Bauer ohne jede Wirkung}) 51. Qb8+ Qc8 52. Qxc8+ Kxc8 53.
Kg3 Kd7 54. Kf4 Ke6 55. Kg5 Ke5 56. h4 Ke6 57. f4 $18) 47. Nc7+ Kd7 48. Nxe6
Qxe6 {4-3 Bauern auf einem Flügel bietet im Damenendspiel mehr Gewinnchancen
als im Turmendspiel} 49. f4 Qf5 50. Qd4+ Ke8 51. Kg3 g5 52. Qe3 gxf4+ 53. Qxf4
Qg6+ 54. Kh2 Ke7 55. Qb4+ Ke8 (55... Ke6 $142 56. Qd6+ Kf5) 56. Qb8+ Ke7 57.
Qc7+ Ke6 $1 58. Qd6+ Kf5 59. Qd5 Kf4 60. Qd4+ Kf5 61. Qe3 Ke6 $6 (61... Qg5 $1
$11) 62. Qf4 Qg7 $2 (62... Qf5 63. Kg3 (63. Qxf5+ Kxf5 64. Kg3 Kg5 $1 $11)
63... Qg6+ 64. Kh4 Qxg2 65. Qf6+ Kd5 66. Qd6+ Kc4 67. Kxh5 Qxh3+ 68. Kg5 Qe6
$11) 63. Qc4+ Kf5 (63... Ke7 64. Qh4+ {[%csl Rh5]}) (63... Kd7 $142 64. Qd5+
Ke7 65. Qd6+ Ke8 66. e6 (66. Qf6 Qxf6 67. exf6 h4 $1 68. Kg1 (68. g4 Kd7 69.
Kg2 Ke6 70. Kf3 Kxf6 $11) 68... Kd7 69. Kf2 Ke6 70. Kf3 Kf5 71. Ke3 Ke5 $11)
66... Qf6 $1 67. Qd7+ (67. exf7+ Kxf7 $14) 67... Kf8 68. Qxf7+ Qxf7 69. exf7 h4
$1 $11) 64. Qd3+ Ke6 65. Qb3+ Kf5 $2 (65... Ke7 $142) 66. Qf3+ Ke6 67. Qxh5 $18
Qg6 68. Qxg6+ fxg6 69. Kg3 Kxe5 70. Kg4 Kf6 71. h4 Kg7 72. Kg5 Kh7 73. h5 (73.
h5 gxh5 74. Kxh5 Kg7 75. Kg5 Kh7 76. Kf6 Kh6 77. g4 Kh7 78. g5 Kg8 79. Kg6 Kh8
80. Kf7 $18) 1-0

[Event "EU-ch Seniors 03rd"]
[Site "Saint Vincent"]
[Date "2003.09.21"]
[Round "5"]
[White "Gruzmann, Boris"]
[Black "Hecht, Hans Joachim"]
[Result "0-1"]
[WhiteElo "2316"]
[BlackElo "2404"]
[Annotator "Hecht,H"]
[PlyCount "110"]
[EventDate "2003.09.17"]
[EventType "swiss"]
[EventRounds "9"]
[EventCountry "ITA"]
[SourceTitle "CBM 096 Extra"]
[Source "ChessBase"]
[SourceDate "2003.10.22"]
[SourceVersion "2"]
[SourceVersionDate "2003.10.20"]
[SourceQuality "1"]

1. e4 e5 2. Nf3 Nc6 3. Bb5 a6 4. Ba4 Nf6 5. O-O Be7 6. Re1 b5 7. Bb3 d6 8. c3
O-O 9. h3 h6 10. d4 Re8 11. Nbd2 Bf8 12. a4 Bb7 13. Bc2 exd4 14. cxd4 Nb4 15.
Bb1 c5 16. d5 Nd7 17. Ra3 f5 18. exf5 (18. Rae3 {Kasparov-Karpov, 1990}) 18...
Rxe1+ 19. Qxe1 Bxd5 20. Nh2 Nf6 21. Rg3 Qe7 22. Re3 Qd7 23. Ndf3 (23. Ng4 $142)
23... Bf7 24. Ng4 Nbd5 25. Re2 Re8 26. Rxe8 {(R)} Qxe8 27. Qxe8 Nxe8 28. axb5
axb5 29. Kf1 Nb4 30. Ne3 Be7 31. g4 Bf6 {[#] Ungewöhnliches Endspiel mit allen
acht Leichtfiguren und kräftigen Bauernmajoritäten. Mit seinem nächsten Zug
übersieht Weiß die schwarze Drohung.} 32. h4 Ba2 $1 33. Bxa2+ (33. Bc2 d5 (
33... Nxc2 34. Nxc2 Bc4+ 35. Ke1 Bd5 36. Ke2 Bxf3+ 37. Kxf3 Bxh4 38. b4 Kf7 39.
Be3 Be7 40. bxc5 dxc5 41. Na3 b4 42. Nc4 $17) 34. g5 hxg5 35. hxg5 Be7 36. Bd2
Nxc2 37. Nxc2 Bb1 38. Ne3 d4 39. Nd5 Bd6 40. Nh4 c4 $19 {auf Dauer}) 33... Nxa2
34. Bd2 Bxb2 $19 35. Ke2 Nc7 36. Ba5 Nc3+ 37. Kd3 N3d5 38. Kc2 Ba3 39. Bd2 Bb4
40. Bc1 Ba5 41. Nxd5 Nxd5 42. g5 Nb4+ 43. Kb1 hxg5 44. hxg5 Nc6 (44... Nd3 $142
) 45. Bb2 c4 46. Nh4 (46. Nd4 Nxd4 47. Bxd4 Bd2 48. g6 Bg5 49. Kc2 Bf6 50. Bxf6
gxf6 51. Kc3 d5 52. f3 Kg7 $19) 46... b4 47. f6 c3 48. Bc1 gxf6 49. Nf5 b3 50.
Nxd6 Bc7 51. Nc4 Be5 $1 {[%cal Rc3c2]} 52. Be3 Nb4 53. Nxe5 (53. f4 c2+ 54. Kc1
Bc3 {und matt}) 53... fxe5 54. f4 Nd3 55. Ka1 exf4 0-1

[Event "Szeged m"]
[Site "Szeged"]
[Date "2000.06.30"]
[Round "4"]
[White "Almasi, Zoltan"]
[Black "Bacrot, Etienne"]
[Result "1/2-1/2"]
[WhiteElo "2676"]
[BlackElo "2594"]
[Annotator "Hecht,H"]
[PlyCount "136"]
[EventDate "2000.06.27"]
[EventType "match"]
[EventRounds "6"]
[EventCountry "HUN"]
[SourceTitle "CBM 078"]
[Source "ChessBase"]
[SourceDate "2000.10.18"]
[SourceVersion "1"]
[SourceVersionDate "2000.10.18"]
[SourceQuality "1"]

1. e4 e5 2. Nf3 Nc6 3. Bb5 a6 4. Ba4 Nf6 5. O-O Be7 6. Re1 b5 7. Bb3 d6 8. c3
O-O 9. h3 Bb7 10. d4 Re8 11. Nbd2 Bf8 12. d5 Nb8 13. Nf1 Nbd7 14. N3h2 Nc5 15.
Bc2 a5 16. Ng4 Nxg4 17. hxg4 Be7 18. Be3 c6 19. Qe2 Bg5 20. Bxc5 dxc5 21. Rad1
Qd7 22. c4 Ba6 23. Ne3 g6 24. Bd3 Bxe3 25. Qxe3 bxc4 26. Be2 cxd5 27. Rxd5 Qb7
28. Qc3 Qb4 29. a3 Qb6 30. Red1 Rab8 31. R1d2 Rbd8 32. Bf1 Rxd5 33. Rxd5 Qc7
34. Bxc4 Bxc4 35. Qxc4 Qb7 36. b3 Rb8 37. Rd3 Qb5 38. Qc3 a4 39. bxa4 Qxa4 40.
Qxe5 Re8 41. Qxc5 Qxe4 42. Re3 Qb1+ 43. Kh2 Qb8+ 44. g3 Rc8 45. Qd5 Rd8 46. Qf3
Qa8 47. Qf6 Rd1 48. f3 Rd2+ 49. Kh3 Qf8 50. Qf4 Rd1 51. Re2 Qc5 52. Re8+ Kg7
53. g5 Qd4 54. Qxd4+ Rxd4 55. Ra8 {[#] Schwarz steht optimal; er kann sofort
den Druckbauern g5 abtauschen und seinen Turm aktiv einsetzen, indem er den
a-Freibauern von hinten und die Königsflügelbauern von der Seite angreift,
bereit, einen von ihnen zu schlagen. Darüberhinaus hat er eine gesunde
Bauernstellung und einen gut postierten König. Es spricht also alles für ein
Remis.} h6 56. gxh6+ Kxh6 57. f4 Rd3 58. a4 Ra3 59. a5 f5 60. a6 Ra2 61. g4
fxg4+ 62. Kxg4 Ra4 63. Kf3 Kg7 64. Ke3 Kf7 65. Kd3 Kg7 (65... Rxf4 $2 66. a7
Ra4 67. Rh8 $18) 66. Ra7+ Kf6 67. Ke3 Kf5 68. Ra8 Ra3+ 1/2-1/2

[Event "Reykjavik Olafsson"]
[Site "Reykjavik"]
[Date "1995.??.??"]
[Round "8"]
[White "Hjartarson, Johann"]
[Black "Gligoric, Svetozar"]
[Result "1-0"]
[WhiteElo "2570"]
[BlackElo "2455"]
[Annotator "Hjartarson,J"]
[PlyCount "99"]
[EventDate "1995.09.??"]
[EventType "tourn"]
[EventRounds "11"]
[EventCountry "ISL"]
[EventCategory "11"]
[SourceTitle "CBM 049"]
[Source "ChessBase"]
[SourceDate "1995.12.01"]
[SourceVersion "1"]
[SourceVersionDate "1995.12.01"]
[SourceQuality "1"]

1. e4 e5 2. Nf3 Nc6 3. Bb5 a6 4. Ba4 Nf6 5. O-O Be7 6. Re1 b5 7. Bb3 d6 8. c3
O-O 9. h3 Bb7 10. d4 Re8 11. Nbd2 Bf8 12. d5 Nb8 13. Nf1 Nbd7 14. Ng3 Nc5 15.
Bc2 c6 16. b4 Ncd7 17. dxc6 Bxc6 18. Bb3 h6 19. Nh4 $1 $146 (19. Nh2 Nb6 20.
Ng4 Nc4 21. a4 Nxg4 22. Qxg4 Bd7 23. Nf5 Kh7 24. axb5 $146 (24. Qf3 Be6 25. Ne3
Nd2 26. Bxd2 Bxb3 27. c4 $5 (27. axb5) 27... bxa4 28. Qxf7 Re7 29. Qd5 Rc8 30.
Rec1 Rec7 31. Rc3 Be7 32. Rac1 Bg5 $10 {Wang Zili-Wu Shaobin/China/ch/1993/Inf/
58/375}) 24... axb5 25. Rxa8 Qxa8 26. Qf3 Be6 27. Ne3 Nd2 28. Bxd2 Bxb3 29. Nd5
Bxd5 (29... Qb7 $5) 30. exd5 Kg8 31. Qd3 Qa6 32. f4 Rd8 33. fxe5 dxe5 34. Rxe5
Bd6 $2 (34... Qa1+ $1 35. Kf2 (35. Re1 Qa2) (35. Qf1 Qa2) 35... Bxb4 $13) 35.
Re4 $16 {Popovic,P-Gigoric/Novi Sad/1995}) 19... Nb6 (19... Nxe4 $2 20. Qh5 $18
) 20. Nhf5 (20. Ng6 $2 Nc4 $10) 20... Nc4 (20... d5 21. Nh5 Re6 $5 $13) 21. Nh5
$1 Nxh5 22. Qxh5 Bd7 (22... g6 23. Qg4 (23. Nxh6+ $2 Kh7 24. Qf3 Bxh6 25. Bxc4
bxc4 26. Qxf7+ Bg7 27. Qxc4 Bb5 $17) 23... Bd7 24. Qg3 Kh7 25. Ne3 $14) 23.
Bxc4 (23. Re3 $2 g6 $1 24. Qg4 (24. Nxh6+ Kh7 $19) 24... Kh7 $19) 23... bxc4
24. Ne3 Be6 (24... a5 $5) 25. a4 $14 g6 26. Qd1 (26. Qf3 $5 Bg7 27. Rd1 $14)
26... f5 27. Nd5 f4 (27... fxe4 $2 28. Rxe4 Rc8 29. Be3 $1 Bf5 $140 30. Bb6 Qg5
31. h4 $18) (27... Ra7 $5 {/\Rf7}) 28. Qe2 $1 Rc8 (28... Bxd5 29. exd5 Rc8 30.
Qe4 $16) 29. Rd1 Bg7 30. b5 $6 (30. Rb1 $14) (30. Ba3 $14) 30... axb5 31. axb5
Rc5 32. Rb1 (32. Ra7 Qb8 $8 (32... Rxb5 $2 33. Nc7 $18) 33. Ra5 Bxd5 34. Rxd5
Rxd5 35. exd5 e4 $13) 32... Qa5 33. Rb4 Kf7 $2 (33... Rb8 $2 34. Ne7+ Kf7 35.
Nc6 $18) (33... Kh7 $1 34. Bb2 Bxd5 35. Rxd5 Rxd5 36. exd5 e4 37. Qxc4 e3 $13)
34. Bb2 $1 Rb8 (34... Bxd5 35. Rxd5 $16 Rxd5 $140 $2 36. Qxc4 $18) 35. Ra1 Qd8
36. Ra7+ Kf8 37. Ba3 $1 (37. Ne7 $2 Qxe7 $8 38. Rxe7 Kxe7 39. b6 Rc6 40. b7 Rc7
$10) 37... Kg8 $2 (37... Rbxb5 38. Rxb5 Rxb5 39. Qxc4 Rb1+ 40. Kh2 $16) (37...
Bxd5 38. exd5 Rbxb5 39. Rxb5 Rxb5 40. Qxc4 $16) 38. Ne7+ Kh7 39. Nc6 $18 Qb6
40. Ra6 $2 $138 (40. Re7 $1 Ra8 41. Rxe6 Rxa3 42. Qg4 $18) 40... Rxc6 $8 41.
Rxb6 Rcxb6 42. Rxc4 (42. Qd1 d5 $1 43. exd5 Rd8 44. Rxc4 Rxd5 45. Qa4 Rdxb5 46.
Rc7 Rb7 $44) 42... Bxc4 43. Qxc4 Rxb5 44. Bxd6 $14 Rb1+ (44... R8b7 45. Bb4 $14
) 45. Kh2 Ra8 $2 (45... R8b6 46. Bb4 $14) 46. Qf7 $16 Raa1 (46... Rba1 47. Bxe5
R1a7 48. Qxf4 $18) 47. g3 Rh1+ $2 (47... fxg3+ 48. Kxg3 Kh8 49. Kf3 $18) (47...
Rb2 $8 48. Kg2 Raa2 49. Bc5 $16) 48. Kg2 $18 Rag1+ (48... fxg3 49. Bxe5 Rag1+
50. Kf3 $18) 49. Kf3 Rxg3+ $2 50. fxg3 1-0